| 000 | 00490nam a22001817a 4500 | ||
|---|---|---|---|
| 005 | 20260203114905.0 | ||
| 008 | 260203b |||||||| |||| 00| 0 eng d | ||
| 020 |
_a9789390346264 _c1495.00 |
||
| 040 | _aMAIN | ||
| 041 | _aEnglish | ||
| 082 |
_a006.3 _bCAR |
||
| 100 |
_aCarroll, Deborah A. _926172 |
||
| 245 | _aArtificial Intelligence in the City Urban Perspective | ||
| 260 |
_aNew Delhi _bBlackwell Press _c2026 |
||
| 300 | _a246 | ||
| 650 |
_aUrban Studies _924652 |
||
| 942 | _cBK | ||
| 999 |
_c60215 _d60215 |
||